[Event "Izmir Arena IM"]
[Site "Izmir"]
[Date "2024.03.21"]
[Round "7"]
[White "Gunduz, Umut Erdem"]
[Black "Aydin, Gulenay"]
[Result "1-0"]
[WhiteElo "2314"]
[BlackElo "2152"]
[PlyCount "93"]
[EventDate "2024.03.18"]
[EventType "tourn"]
[EventRounds "9"]
[EventCountry "TUR"]
[SourceTitle "CB13_2024"]
[SourceDate "2024.03.27"]
[SourceVersion "1"]
[SourceVersionDate "2024.03.27"]
[SourceQuality "1"]

1. e4 d6 2. d4 Nf6 3. Nc3 e5 4. Nf3 Nbd7 5. Bc4 Be7 6. 0-0 0-0 7. h3 c6 8. a4 h6 9. Be3 Re8 10. Re1 exd4 11. Bxd4 Nf8 12. Qd3 Be6 13. Rad1 Qa5 14. Nd2 Red8 15. Qg3 Qb4 16. Bxe6 Nxe6 17. Nb3 Nxd4 18. Nxd4 Bf8 19. Nf5 Kh8 20. Rd4 Qxb2 21. Rb1 Qa3 22. Rxb7 g6 23. Rxf7 gxf5 24. Rxf6 Bg7 25. Rg6 f4 26. Qd3 Qc5 27. Rc4 Qe5 28. Rxc6 Kh7 29. Rg4 h5 30. Rxg7+ Kxg7 31. Rc7+ Kh6 32. Nd5 Re8 33. Qb5 Rg8 34. Ne7 Rg5 35. Nf5+ Rxf5 36. exf5 Qxb5 37. axb5 Rb8 38. c4 d5 39. cxd5 Rxb5 40. d6 Rb1+ 41. Kh2 Kg5 42. Rxa7 Rd1 43. Rd7 Kxf5 44. Rf7+ Kg5 45. d7 Rd2 46. h4+ Kxh4 47. Rg7 1-0

[Event "Izmir Arena IM"]
[Site "Izmir"]
[Date "2024.03.19"]
[Round "4"]
[White "David, Alexandru Vasile"]
[Black "Gunduz, Umut Erdem"]
[Result "0-1"]
[WhiteElo "2360"]
[BlackElo "2314"]
[PlyCount "90"]
[EventDate "2024.03.18"]
[EventType "tourn"]
[EventRounds "9"]
[EventCountry "TUR"]
[SourceTitle "CB13_2024"]
[SourceDate "2024.03.27"]
[SourceVersion "1"]
[SourceVersionDate "2024.03.27"]
[SourceQuality "1"]

1. d4 Nf6 2. c4 c5 3. d5 e6 4. Nc3 exd5 5. cxd5 d6 6. e4 g6 7. Be2 Bg7 8. Nf3 0-0 9. Be3 a6 10. a4 Nbd7 11. 0-0 Ng4 12. Bg5 Bf6 13. Bf4 Nge5 14. Nd2 Bg7 15. Be3 g5 16. f4 gxf4 17. Bxf4 Rb8 18. Kh1 Qe7 19. Bg3 Kh8 20. Qc2 Rg8 21. Nd1 Bh6 22. Ra3 b5 23. axb5 axb5 24. Ne3 Nf6 25. Bh4 Bg5 26. Bxg5 Rxg5 27. Rf4 Nh5 28. Bxh5 Rxh5 29. Ndf1 b4 30. Ra1 Qg5 31. g3 Bh3 32. b3 Rg8 33. Qe2 Rh6 34. Nf5 Bxf5 35. exf5 Qf6 36. Re1 Qd8 37. Kg2 Rh4 38. Kh1 Rxf4 39. gxf4 Ng4 40. Ng3 Qf6 41. Qd2 h6 42. Re2 Nxh2 43. Rxh2 Rxg3 44. Qa2 Kh7 45. Qb1 Rg4 0-1

[Event "TUR-ch"]
[Site "Kemer"]
[Date "2023.12.06"]
[Round "5"]
[White "Metin, Enis"]
[Black "Gunduz, Umut Erdem"]
[Result "1/2-1/2"]
[WhiteElo "2031"]
[BlackElo "2318"]
[PlyCount "114"]
[EventDate "2023.12.02"]
[EventType "tourn"]
[EventRounds "9"]
[EventCountry "TUR"]
[EventCategory "3"]
[SourceTitle "CB50_2023"]
[SourceDate "2023.12.13"]
[SourceVersion "1"]
[SourceVersionDate "2023.12.13"]
[SourceQuality "1"]

1. d4 Nf6 2. c4 c5 3. d5 e6 4. Nf3 d6 5. h3 exd5 6. cxd5 g6 7. e4 a6 8. Bd3 Bg7 9. 0-0 0-0 10. Nbd2 b5 11. a4 c4 12. Bc2 Bb7 13. Nd4 Qb6 14. N2f3 Nbd7 15. Be3 Nc5 16. b4 cxb3 17. Nxb3 Nfd7 18. Nfd4 Ne5 19. Nxc5 dxc5 20. Nb3 Rac8 21. axb5 axb5 22. Na5 Ra8 23. Qd2 b4 24. Nxb7 Rxa1 25. Rxa1 Nc4 26. Bxc5 Nxd2 27. Bxb6 Bxa1 28. d6 Rb8 29. d7 Bf6 30. e5 Be7 31. Bc5 Bxc5 32. Nxc5 Kf8 33. Na6 Rd8 34. Nxb4 Rxd7 35. Nd3 Rc7 36. Ne1 Nc4 37. f4 Ne3 38. Bd3 Rc1 39. Kf2 Rxe1 40. Kxe1 Nxg2+ 41. Kf2 Nxf4 42. Bf1 Ke7 43. Kf3 Ne6 44. Bc4 Kd7 45. Bb5+ Kd8 46. Ba4 Ke7 47. h4 Nc5 48. Bb5 Ke6 49. Bc4+ Ke7 50. Bb5 h5 51. Ke3 Ne6 52. Bc4 Ng7 53. Kf4 Nf5 54. Kg5 Nd4 55. Kf4 Nf5 56. Kg5 Ne3 57. Bb3 Nf5 1/2-1/2

[Event "TUR-ch"]
[Site "Kemer"]
[Date "2023.12.02"]
[Round "1"]
[White "Eren, Ataberk"]
[Black "Gunduz, Umut Erdem"]
[Result "1/2-1/2"]
[WhiteElo "2429"]
[BlackElo "2318"]
[PlyCount "97"]
[EventDate "2023.12.02"]
[EventType "tourn"]
[EventRounds "9"]
[EventCountry "TUR"]
[EventCategory "3"]
[SourceTitle "CB50_2023"]
[SourceDate "2023.12.13"]
[SourceVersion "1"]
[SourceVersionDate "2023.12.13"]
[SourceQuality "1"]

1. d4 d5 2. c4 e6 3. Nc3 a6 4. cxd5 exd5 5. Nf3 Nf6 6. Bg5 Be6 7. e3 Nbd7 8. Bd3 Bd6 9. 0-0 c6 10. Bf4 Qc7 11. Bxd6 Qxd6 12. Qb3 0-0 13. a4 Bg4 14. Rfc1 Bxf3 15. gxf3 c5 16. dxc5 Nxc5 17. Qa3 Nfe4 18. Nxe4 dxe4 19. Rxc5 Qg6+ 20. Kf1 exd3 21. Rd1 Rad8 22. Rc3 d2 23. Ke2 Qh5 24. Rd3 Rxd3 25. Qxd3 Qxh2 26. Rxd2 Qc7 27. Qd5 Rc8 28. f4 h6 29. b3 Re8 30. Qd7 Re7 31. Qd5 Re8 32. Qd7 Re7 33. Qd5 a5 34. Qd8+ Qxd8 35. Rxd8+ Kh7 36. Rd5 b6 37. f5 Re4 38. Kd3 Rb4 39. Kc3 f6 40. f3 h5 41. f4 h4 42. Rd1 Kh6 43. Rg1 Re4 44. Kd3 Re7 45. Ke2 Rc7 46. Kf3 Rc3 47. Rg4 Kh7 48. Rxh4+ Kg8 49. Ke4 1/2-1/2

[Event "Titled Tuesday intern op 22nd Aug Late"]
[Site "Chess.com INT"]
[Date "2023.08.22"]
[Round "1"]
[White "Gerbelli Neto, Eduardo"]
[Black "Gunduz, Umut Erdem"]
[Result "0-1"]
[WhiteElo "2114"]
[BlackElo "2301"]
[PlyCount "66"]
[EventDate "2023.08.22"]
[EventType "swiss (blitz)"]
[EventRounds "11"]
[EventCountry "USA"]
[SourceTitle "EXT 2024"]
[Source "ChessBase"]
[SourceDate "2023.10.10"]
[SourceVersion "1"]
[SourceVersionDate "2023.10.10"]
[SourceQuality "1"]

1. e4 e5 2. Nf3 Nc6 3. d4 exd4 4. Bc4 Bc5 5. c3 Nf6 6. cxd4 Bb4+ 7. Nc3 Nxe4 8. 0-0 Bxc3 9. d5 Bf6 10. Re1 Ne7 11. Rxe4 d6 12. Bg5 Bxg5 13. Nxg5 0-0 14. Nxh7 Re8 15. Qh5 Bf5 16. Rh4 Ng6 17. Ng5 Qf6 18. Qh7+ Kf8 19. Rh5 Re5 20. f4 Nxf4 21. Qh8+ Ke7 22. Qxa8 Nxh5 23. Nf3 Re4 24. Bd3 Nf4 25. Bxe4 Qxb2 26. Ne1 Qxa1 27. Kf1 Bxe4 28. Qxb7 Bxg2+ 29. Kf2 Qd4+ 30. Kg3 Qe3+ 31. Kg4 Bh3+ 32. Kg5 f6+ 33. Kh4 g5# 0-1

[Event "Ankara Baskent Univ op 6th"]
[Site "Ankara"]
[Date "2023.08.15"]
[Round "1"]
[White "Javadov, Ramil Javan Oglu"]
[Black "Gunduz, Umut Erdem"]
[Result "0-1"]
[WhiteElo "2039"]
[BlackElo "2301"]
[PlyCount "79"]
[EventDate "2023.08.15"]
[EventType "swiss"]
[EventRounds "9"]
[EventCountry "TUR"]
[SourceTitle "CBM 215 Extra"]
[Source "ChessBase"]
[SourceDate "2023.09.30"]
[SourceVersion "1"]
[SourceVersionDate "2023.09.30"]
[SourceQuality "1"]

1. d4 Nf6 2. c4 c5 3. d5 e6 4. Nc3 exd5 5. cxd5 d6 6. Nf3 g6 7. h3 Bg7 8. g4 0-0 9. Bg2 a6 10. a4 Re8 11. Nd2 h5 12. g5 Nfd7 13. Nde4 Qe7 14. Bf4 Ne5 15. 0-0 Nbd7 16. Qb3 Rb8 17. Bh2 f5 18. gxf6 Nxf6 19. Nxf6+ Qxf6 20. Ne4 Qd8 21. Nc3 b5 22. axb5 axb5 23. Ra7 Re7 24. Rfa1 b4 25. Ne4 c4 26. Qe3 Nf7 27. Rxe7 Qxe7 28. Ra7 Rb7 29. Ra8 Rc7 30. Nxd6 Qxe3 31. fxe3 c3 32. Be4 Nxd6 33. Bc2 Bf8 34. e4 Rc5 35. Be5 Rc4 36. Kf2 Nxe4+ 37. Ke3 Nd6 38. Kf3 Nf7 39. Bf6 Bb7 40. Ra5 0-1

[Event "Titled Tuesday intern op 04th Jul Early"]
[Site "Chess.com INT"]
[Date "2023.07.04"]
[Round "1"]
[White "Gunduz, Umut Erdem"]
[Black "Biriukov, Ilja"]
[Result "1-0"]
[WhiteElo "2340"]
[BlackElo "2311"]
[PlyCount "53"]
[EventDate "2023.07.04"]
[EventType "swiss (blitz)"]
[EventRounds "11"]
[EventCountry "USA"]
[SourceTitle "EXT 2024"]
[Source "ChessBase"]
[SourceDate "2023.10.10"]
[SourceVersion "1"]
[SourceVersionDate "2023.10.10"]
[SourceQuality "1"]

1. e4 c5 2. Nf3 d6 3. d4 cxd4 4. Nxd4 Nf6 5. f3 a6 6. c4 e6 7. Nc3 Be7 8. Be3 Qc7 9. Be2 b6 10. 0-0 Bb7 11. Qd2 Nbd7 12. a4 0-0 13. a5 bxa5 14. Nb3 Ne5 15. Nxa5 Rab8 16. b4 Ba8 17. b5 axb5 18. cxb5 d5 19. exd5 Nxd5 20. Nxd5 Bxd5 21. Rfc1 Qd7 22. b6 h6 23. f4 Nc6 24. Nxc6 Bxc6 25. Qxd7 Bxd7 26. Rc7 Rfd8 27. Raa7 1-0

[Event "Titled Tuesday intern op 04th Jul Early"]
[Site "Chess.com INT"]
[Date "2023.07.04"]
[Round "4"]
[White "Gunduz, Umut Erdem"]
[Black "Slovineanu, Viacheslav"]
[Result "0-1"]
[WhiteElo "2340"]
[BlackElo "2412"]
[PlyCount "114"]
[EventDate "2023.07.04"]
[EventType "swiss (blitz)"]
[EventRounds "11"]
[EventCountry "USA"]
[SourceTitle "EXT 2024"]
[Source "ChessBase"]
[SourceDate "2023.10.10"]
[SourceVersion "1"]
[SourceVersionDate "2023.10.10"]
[SourceQuality "1"]

1. e4 c6 2. d4 d5 3. Nd2 dxe4 4. Nxe4 Nf6 5. Nxf6+ exf6 6. c3 Bd6 7. Bd3 Na6 8. Nf3 Nc7 9. 0-0 0-0 10. h3 Be6 11. Re1 a5 12. c4 b5 13. b3 a4 14. Be3 Bb4 15. Bd2 Bxd2 16. Qxd2 Qd6 17. Qc2 g6 18. Rad1 Qb4 19. Nd2 Rfd8 20. Ne4 f5 21. Nf6+ Kg7 22. Qe2 Kxf6 23. Qe5+ Ke7 24. Qxc7+ Kf8 25. Qxc6 axb3 26. axb3 Rac8 27. Qxb5 Qxb5 28. cxb5 Rxd4 29. Bf1 Rxd1 30. Rxd1 Bxb3 31. Rb1 Bd5 32. f4 Ke7 33. Kf2 Rc2+ 34. Ke3 Kd6 35. b6 Bb7 36. Kd4 Ra2 37. Kc3 Ra4 38. g3 Kc5 39. Rb5+ Kc6 40. Rb3 Kc5 41. Rb5+ Kc6 42. Rb1 Kc5 43. Rb2 Ra3+ 44. Kd2 Rxg3 45. Rb5+ Kc6 46. Ke1 Rg1 47. Rb4 Ba6 48. b7 Rxf1+ 49. Kd2 Bxb7 50. Rc4+ Kd6 51. Rd4+ Ke6 52. Ke3 Be4 53. Ra4 Rf3+ 54. Ke2 Rxh3 55. Ra6+ Ke7 56. Ra7+ Kf8 57. Ra3 Rxa3 0-1

[Event "Ayvalik Iris"]
[Site "Ayvalik"]
[Date "2023.05.09"]
[Round "4"]
[White "Tilicheev, Viacheslav"]
[Black "Gunduz, Umut Erdem"]
[Result "1-0"]
[WhiteElo "2504"]
[BlackElo "2306"]
[PlyCount "87"]
[EventDate "2023.05.07"]
[EventType "schev"]
[EventRounds "9"]
[EventCountry "TUR"]
[SourceTitle "CBM 214 Extra"]
[Source "ChessBase"]
[SourceDate "2023.07.31"]
[SourceVersion "1"]
[SourceVersionDate "2023.07.31"]
[SourceQuality "1"]
[WhiteTeam "Team A"]
[BlackTeam "Team D"]
[WhiteTeamCountry "TUR"]
[BlackTeamCountry "TUR"]

1. d4 Nf6 2. Nf3 g6 3. g3 Bg7 4. Bg2 c5 5. c4 cxd4 6. Nxd4 Nc6 7. Nc3 0-0 8. 0-0 Nxd4 9. Qxd4 d6 10. Qd3 Nd7 11. b3 Nc5 12. Qd2 Be6 13. Bb2 Qb6 14. Rab1 Rfc8 15. Rfd1 a5 16. Ba3 Qa6 17. Nd5 Bxd5 18. Bxd5 Rab8 19. Qf4 e6 20. Bg2 Be5 21. Qd2 b5 22. cxb5 Qxb5 23. f4 Bg7 24. e4 Rc6 25. Rbc1 Rbc8 26. Qe3 Nb7 27. Rxc6 Rxc6 28. Bf1 Qb6 29. Qxb6 Rxb6 30. Bc4 Bc3 31. Kg2 Kf8 32. Kf3 Ke7 33. g4 h6 34. h4 Nd8 35. h5 gxh5 36. gxh5 Kd7 37. f5 Ke7 38. Ke2 Bf6 39. Bc1 Bg5 40. Bxg5+ hxg5 41. h6 Nc6 42. f6+ Kd7 43. h7 Rb8 44. Bb5 1-0

[Event "Titled Tuesday intern op 21st Mar Late"]
[Site "Chess.com INT"]
[Date "2023.03.21"]
[Round "3"]
[White "Gunduz, Umut Erdem"]
[Black "Tworuszka, Michal"]
[Result "1-0"]
[WhiteElo "2286"]
[BlackElo "2260"]
[PlyCount "49"]
[EventDate "2023.03.21"]
[EventType "swiss (blitz)"]
[EventRounds "11"]
[EventCountry "USA"]
[SourceTitle "EXT 2024"]
[Source "ChessBase"]
[SourceDate "2023.10.10"]
[SourceVersion "1"]
[SourceVersionDate "2023.10.10"]
[SourceQuality "1"]

1. e4 c5 2. Nf3 d6 3. d4 cxd4 4. Nxd4 Nf6 5. Nc3 a6 6. Bg5 e6 7. f4 h6 8. Bh4 Qb6 9. a3 Nbd7 10. Bf2 Qc7 11. Qf3 b5 12. 0-0-0 Bb7 13. g4 g5 14. h4 gxf4 15. g5 hxg5 16. hxg5 Rxh1 17. Qxh1 Ng8 18. g6 0-0-0 19. gxf7 Ngf6 20. Nxe6 Qc6 21. Nxd8 Kxd8 22. Bh3 Ne5 23. Bh4 Ke7 24. Nd5+ Kxf7 25. Bxf6 1-0

[Event "EU-ch 23rd"]
[Site "Vrnjacka Banja"]
[Date "2023.03.05"]
[Round "3"]
[White "Firat, Burak"]
[Black "Gunduz, Umut Erdem"]
[Result "1-0"]
[WhiteElo "2471"]
[BlackElo "2286"]
[PlyCount "66"]
[EventDate "2023.03.03"]
[EventType "swiss"]
[EventRounds "11"]
[EventCountry "SRB"]
[SourceTitle "CBM 213"]
[Source "ChessBase"]
[SourceDate "2023.04.30"]
[SourceVersion "1"]
[SourceVersionDate "2023.04.30"]
[SourceQuality "1"]

1. Nf3 d5 2. d4 Nf6 3. c4 e6 4. g3 Bb4+ 5. Bd2 Be7 6. Bg2 0-0 7. Qc2 a6 8. 0-0 dxc4 9. Qxc4 b5 10. Qc2 Bb7 11. Rd1 Nbd7 12. Ba5 Rc8 13. Nbd2 Qe8 14. b4 Bd6 15. Rac1 Qe7 16. a3 Rfe8 17. Re1 g6 18. Nb3 Be4 19. Qd1 e5 20. Nc5 exd4 21. Nxe4 Nxe4 22. Nxd4 Qf6 23. Nf3 Ne5 24. Qb3 Nc4 25. Rxc4 bxc4 26. Qxc4 c5 27. Bh3 Rb8 28. Bd7 Re5 29. Bc6 cxb4 30. axb4 Qf5 31. Rd1 Bf8 32. Nxe5 Qxf2+ 33. Kh1 Bd6 1-0

[Event "Titled Tuesday intern op 28th Feb Early"]
[Site "Chess.com INT"]
[Date "2023.02.28"]
[Round "8"]
[White "Drygalov, Sergey"]
[Black "Gunduz, Umut Erdem"]
[Result "1-0"]
[WhiteElo "2547"]
[BlackElo "2286"]
[PlyCount "117"]
[EventDate "2023.02.28"]
[EventType "swiss (blitz)"]
[EventRounds "11"]
[EventCountry "USA"]
[SourceTitle "CBM 213 Extra"]
[Source "ChessBase"]
[SourceDate "2023.05.31"]
[SourceVersion "1"]
[SourceVersionDate "2023.05.31"]
[SourceQuality "1"]

1. d4 Nf6 2. c4 e6 3. Nc3 c5 4. d5 exd5 5. cxd5 d6 6. Nf3 g6 7. e4 a6 8. a4 Bg4 9. Qb3 Bxf3 10. Qxb7 Nbd7 11. gxf3 Bg7 12. Be2 0-0 13. Qb3 Nh5 14. h4 f5 15. Qc2 f4 16. a5 Bf6 17. Bd2 Bxh4 18. Na4 Bf6 19. 0-0-0 Bd4 20. Rh2 Qf6 21. Bc3 Bxc3 22. Qxc3 Qxc3+ 23. bxc3 Nhf6 24. Kc2 Rfb8 25. Rhh1 Kf7 26. Rb1 Ke7 27. Rxb8 Rxb8 28. Nb2 Ne5 29. Nc4 Ned7 30. Bf1 h5 31. Rg1 Rg8 32. Nd2 Ne5 33. Be2 Kf7 34. Nc4 Nxc4 35. Bxc4 Nd7 36. Ra1 Ra8 37. Rb1 Ra7 38. Bf1 g5 39. Bh3 Ne5 40. Be6+ Ke7 41. Rh1 Nxf3 42. Rxh5 Kf6 43. Bg4 Ne5 44. Be2 Rb7 45. Rh6+ Kg7 46. Rxd6 c4 47. Rxa6 f3 48. Bf1 g4 49. Re6 Ng6 50. Bxc4 Nf4 51. Re5 Nh3 52. a6 Ra7 53. d6 Nxf2 54. Re7+ Kf6 55. Rxa7 g3 56. Rf7+ Ke5 57. a7 g2 58. Rg7 Nh3 59. a8Q 1-0

[Event "Titled Tuesday intern op 28th Feb Late"]
[Site "Chess.com INT"]
[Date "2023.02.28"]
[Round "11"]
[White "Gunduz, Umut Erdem"]
[Black "Ansh, M Shah"]
[Result "1-0"]
[WhiteElo "2286"]
[BlackElo "2178"]
[PlyCount "95"]
[EventDate "2023.02.28"]
[EventType "swiss (blitz)"]
[EventRounds "11"]
[EventCountry "USA"]
[SourceTitle "CBM 213 Extra"]
[Source "ChessBase"]
[SourceDate "2023.05.31"]
[SourceVersion "1"]
[SourceVersionDate "2023.05.31"]
[SourceQuality "1"]

1. e4 c6 2. d4 d5 3. Nd2 dxe4 4. Nxe4 Bf5 5. Ng3 Bg6 6. h4 h6 7. Nf3 Nd7 8. h5 Bh7 9. Bd3 Bxd3 10. Qxd3 e6 11. Bd2 Ngf6 12. 0-0-0 Be7 13. Qe2 0-0 14. Nf1 Qb6 15. g4 c5 16. g5 hxg5 17. h6 g6 18. Bxg5 cxd4 19. Rxd4 Rfd8 20. h7+ Kh8 21. Rxd7 Rxd7 22. Ne5 Bd8 23. Qf3 Nh5 24. Rxh5 gxh5 25. Bf6+ Bxf6 26. Qxf6+ Kxh7 27. Nxd7 Qa5 28. Qxf7+ Kh8 29. Qf6+ Kh7 30. Nd2 Rg8 31. Nf8+ Rxf8 32. Qxf8 Qg5 33. Qf7+ Kh8 34. Qe8+ Kh7 35. Qd7+ Kh8 36. Qc8+ Kh7 37. Qxb7+ Kh6 38. Qh1 h4 39. Kd1 e5 40. Nf3 Qg4 41. Qxh4+ Qxh4 42. Nxh4 Kg5 43. Nf3+ Kf4 44. Nxe5 Kxe5 45. Ke2 a5 46. Ke3 a4 47. b4 axb3 48. cxb3 1-0

[Event "Titled Tuesday intern op 28th Feb Early"]
[Site "Chess.com INT"]
[Date "2023.02.28"]
[Round "6"]
[White "Gunduz, Umut Erdem"]
[Black "Heinemann, Josefine"]
[Result "1-0"]
[WhiteElo "2286"]
[BlackElo "2336"]
[PlyCount "57"]
[EventDate "2023.02.28"]
[EventType "swiss (blitz)"]
[EventRounds "11"]
[EventCountry "USA"]
[SourceTitle "CBM 213 Extra"]
[Source "ChessBase"]
[SourceDate "2023.05.31"]
[SourceVersion "1"]
[SourceVersionDate "2023.05.31"]
[SourceQuality "1"]

1. e4 c5 2. Nf3 d6 3. d4 cxd4 4. Nxd4 Nf6 5. Nc3 a6 6. Bg5 e6 7. f4 h6 8. Bh4 Qb6 9. Qd2 Qxb2 10. Rb1 Qa3 11. e5 dxe5 12. fxe5 Nfd7 13. Ne4 Qxa2 14. Rd1 Qd5 15. Qe3 Qxe5 16. c3 f5 17. Nxe6 fxe4 18. Bc4 Nc6 19. Bg3 Bc5 20. Qc1 Qh5 21. Nxg7+ Ke7 22. Nxh5 Nde5 23. Rd5 Nxc4 24. Rxc5 Be6 25. 0-0 e3 26. Rxc4 Bxc4 27. Qxe3+ Be6 28. Nf4 Nd8 29. Ng6+ 1-0

[Event "Titled Tuesday intern op 28th Feb Early"]
[Site "Chess.com INT"]
[Date "2023.02.28"]
[Round "9"]
[White "Gunduz, Umut Erdem"]
[Black "Iskusnyh, Sergei"]
[Result "0-1"]
[WhiteElo "2286"]
[BlackElo "2443"]
[PlyCount "114"]
[EventDate "2023.02.28"]
[EventType "swiss (blitz)"]
[EventRounds "11"]
[EventCountry "USA"]
[SourceTitle "CBM 213 Extra"]
[Source "ChessBase"]
[SourceDate "2023.05.31"]
[SourceVersion "1"]
[SourceVersionDate "2023.05.31"]
[SourceQuality "1"]

1. e4 e6 2. d4 d5 3. Nc3 Nf6 4. e5 Nfd7 5. f4 c5 6. Nf3 Be7 7. Be3 0-0 8. dxc5 Nxc5 9. Qd2 a6 10. 0-0-0 Nbd7 11. Kb1 Qc7 12. h4 b5 13. Bd3 b4 14. Ne2 Ne4 15. Bxe4 dxe4 16. Ng5 Nc5 17. Bxc5 Bxc5 18. Nxe4 Bb7 19. Nxc5 Qxc5 20. Qd4 Qxd4 21. Rxd4 Bxg2 22. Rh2 Bf3 23. Rxb4 Rfd8 24. Nc3 h5 25. Rf2 Bg4 26. b3 Rac8 27. Kb2 Bf5 28. a4 Rc5 29. Rb6 Rdc8 30. Na2 Rxc2+ 31. Rxc2 Rxc2+ 32. Ka3 a5 33. b4 axb4+ 34. Nxb4 Rc3+ 35. Kb2 Rf3 36. a5 Rxf4 37. a6 Be4 38. a7 Kh7 39. Ka3 Rxh4 40. Nc6 Rh1 41. Kb2 Rb1+ 42. Ka2 Rxb6 43. a8Q Rxc6 44. Qe8 Bd5+ 45. Kb2 Rc7 46. Qd8 Rb7+ 47. Kc3 g6 48. Qg5 Kg8 49. Kd4 Rb8 50. Ke3 Rc8 51. Qh6 Rc3+ 52. Kf4 Rf3+ 53. Kg5 Rf5+ 54. Kh4 Rxe5 55. Qc1 Re4+ 56. Kg5 Kg7 57. Qb2+ e5 0-1